Beethoven, teósofo : (Record no. 132916)
[ view plain ]
| 000 -LEADER | |
|---|---|
| campo de control de longitud fija | 00832nam a2200205 i 4500 |
| 001 - NÚMERO DE CONTROL | |
| campo de control | 132916 |
| 003 - IDENTIFICADOR DE NÚMERO DE CONTROL | |
| campo de control | ES-MaACL |
| 005 - FECHA Y HORA DE LA ÚLTIMA TRANSACCIÓN | |
| campo de control | 20250728100642.0 |
| 007 - CAMPO FIJO DE DESCRIPCIÓN FÍSICA--INFORMACIÓN GENERAL | |
| campo de control de longitud fija | t| |
| 008 - DATOS DE LONGITUD FIJA--INFORMACIÓN GENERAL | |
| campo de control de longitud fija | 070214s1915 sp r ||||1| spa d |
| 100 1# - ENTRADA PRINCIPAL--NOMBRE DE PERSONA | |
| Nombre de persona | Roso de Luna, Mario, |
| Fechas asociadas al nombre | 1872-1931 |
| 9 (RLIN) | 99794 |
| 245 10 - MENCIÓN DEL TÍTULO | |
| Título | Beethoven, teósofo : |
| Resto del título | un capítulo de la obra "El drama lírico de Wagner y los misterios de la antigüedad" / |
| Mención de responsabilidad, etc. | por Mario Roso de Luna. |
| 250 ## - MENCION DE EDICION | |
| Mención de edición | Ed. privada, obsequio del autor y editor a sus amigos. |
| 260 ## - PUBLICACIÓN, DISTRIBUCIÓN, ETC. | |
| Lugar de publicación, distribución, etc. | Pontevedra : |
| Nombre del editor, distribuidor, etc. | J.P.F. [Javier Pintos Fonseca], |
| Fecha de publicación, distribución, etc. | 1915 ( |
| Fabricante | Vda. e Hijos de Antúñez) |
| 300 ## - DESCRIPCIÓN FÍSICA | |
| Extensión | 111 p. ; |
| Dimensiones | 18 cm. |
| 600 17 - PUNTO DE ACCESO ADICIONAL DE MATERIA--NOMBRE DE PERSONA | |
| Nombre de persona | Beethoven, Ludwig van, |
| Fechas asociadas al nombre | 1770-1827 |
| Fuente del encabezamiento o término | embne |
| 9 (RLIN) | 240507 |
| 650 #7 - PUNTO DE ACCESO ADICIONAL DE MATERIA--TÉRMINO DE MATERIA | |
| Término de materia o nombre geográfico como elemento de entrada | Teosofía |
| Fuente del encabezamiento o término | embne |
| 9 (RLIN) | 17478 |
| 852 ## - LOCALIZACIÓN | |
| Ubicación | ES-MaACL |
| Número de control de estantería | T-1463-F-5 |
| Nota libre | - Dedicatoria autógrafa del autor |
| Estatus retirado | Estado de pérdida | Fuente del sistema de clasificación o colocación | Estado de daño | No para préstamo | Colección | Biblioteca de origen | Biblioteca actual | Ubicación en estantería | Fecha de adquisición | Total de préstamos | Signatura topográfica completa | Código de barras | Visto por última vez | Precio de reemplazo | Tipo de ítem Koha | Nota pública |
|---|---|---|---|---|---|---|---|---|---|---|---|---|---|---|---|---|
| Clasificación decimal universal | Colección de folletos | Biblioteca del Ateneo de Madrid | Biblioteca del Ateneo de Madrid | Depósito folletos | 17/01/2008 | T-1463-F-5 | 1138372 | 23/02/2023 | 23/02/2023 | Folleto | Dedicatoria autógrafa del autor |
